| Поле | Инд. | ПП | Название | Значение |
|---|---|---|---|---|
| Тип записи | a | |||
| Библиографический уровень | m | |||
| 001 | Контрольный номер | b6b77c96a249488b98d15e444f473d3c | ||
| 005 | Дата корректировки | 20200414143802.9 | ||
| 008 | Кодируемые данные | 200414s1980 ru |||||||||||000|||rus|d | ||
| 040 | a | Служба первич. каталог. | ЦГБ г. В. Луки | |
| b | Код языка каталог. | rus | ||
| 041 | 0_ | a | Код языка текста | rus |
| 084 | 2 | Источник индекса | rubbk | |
| a | Индекс другой классификации/Индекс ББК | 65.049(2) | ||
| 090 | x | Авторский знак | К 72 | |
| j | Имя библиотеки | ЦГБ г. В. Луки | ||
| 097 | b | Оператор | САВ-р | |
| 100 | 1_ | a | Автор | Костенников В. М. |
| 245 | 10 | a | Заглавие | География советских пятилеток |
| b | Продолж. заглавия | пособие для учителей | ||
| c | Ответственность | В. М. Костенников | ||
| 260 | a | Место издания | Москва | |
| b | Издательство | Просвещение | ||
| c | Дата издания | 1980 | ||
| 300 | a | Объем | 191 с. | |
| b | Иллюстрации/ тип воспроизводства | ил. | ||
| 650 | 14 | a | Основная рубрика | Экономика |
| 901 | t | Тип документа | m |